[Event "Steinfurt"]
[Site "?"]
[Date "2004.11.20"]
[Round "3.8"]
[White "Lachnet Adolf"]
[Black "Sowa Rudolf"]
[Result "0-1"]
[WhiteElo "1578"]
[BlackElo "1657"]
[PlyCount "154"]
[EventDate "2004.??.??"]
[Source "www.chesslib.no"]
[SourceDate "2004.05.04"]

1. e4 e5 2. Nf3 Nc6 3. Bc4 Nf6 4. Ng5 d5 5. exd5 Nxd5 6. Nxf7 Kxf7 7. Qf3+ Qf6 8. Bxd5+ Be6 9. Qxf6+ Kxf6 10. Bxc6 bxc6 11. b3 Bd6 12. Bb2 Rhe8 13. O-O Kf5 14. d3 g5 15. Nd2 c5 16. Rae1 Bd5 17. Ne4 Re7 18. h3 h5 19. g4+ hxg4 20. hxg4+ Kg6 21. f3 Rh8 22. Kg2 Reh7 23. Rh1 Rxh1 24. Rxh1 Rxh1 25. Kxh1 Bc6 26. Kg2 Bd5 27. Nd2 a6 28. c4 Bc6 29. Kf2 Bb7 30. Bc3 Bc6 31. a3 Bb7 32. b4 cxb4 33. axb4 c5 34. bxc5 Bxc5+ 35. Ke2 Bd6 36. Nb3 Kf6 37. Na5 Ba8 38. Bd2 Bb8 39. Be3 Bc7 40. Nb3 a5 41. Nc5 Bc6 42. Ne4+ Bxe4 43. fxe4 Bd8 44. Kd2 Ke6 45. Kc2 Kd6 46. Kb3 Kc6 47. Ka4 Kb7 48. Kb5 Kc8 49. Bd2 Kd7 50. Kc5 Ke6 51. Kc6 a4 52. Bb4 Be7 53. Kb5 a3 54. Bc3 a2 55. Ka4 Bc5 56. Kb3 Bd4 57. Bb2 a1=Q 58. Bxa1 Bxa1 59. Kb4 Kd6 60. Kb5 Bd4 61. Kb4 Kc6 62. Kb3 Kc5 63. Ka4 Bc3 64. Kb3 Ba5 65. Ka4 Bb6 66. Kb3 Bd8 67. Kc3 Be7 68. d4+ exd4+ 69. Kd3 Bf6 70. Kd2 Kxc4 71. e5 Bxe5 72. Kc2 Bf4 73. Kd1 Kd3 74. Ke1 Ke3 75. Kd1 d3 76. Ke1 d2+ 77. Kd1 Kf2 0-1

[Event "CAN-chJ"]
[Site "Montreal"]
[Date "2001.??.??"]
[Round "3"]
[White "Ng, Gary"]
[Black "Hebert Losier, Francis"]
[Result "1-0"]
[WhiteElo "1703"]
[BlackElo "1526"]
[PlyCount "61"]
[EventDate "2001.01.03"]
[Source "www.chesslib.no"]
[SourceDate "2004.05.04"]

1. e4 e5 2. Nf3 Nc6 3. Bc4 Nf6 4. Ng5 d5 5. exd5 Nxd5 6. Nxf7 Kxf7 7. Qf3+ Ke6 8. Nc3 Ncb4 9. Qe4 c6 10. a3 Na6 11. d4 Qd6 12. Bf4 Nac7 13. Bxe5 Qd7 14. Bxc7+ Kf6 15. Nxd5+ cxd5 16. Be5+ Ke7 17. Bxd5 Kd8 18. c4 Bd6 19. O-O Re8 20. Rfd1 Kc7 21. Bxd6+ Kxd6 22. Qxh7 Qe7 23. Kf1 Qe2+ 24. Kg1 Bg4 25. f3 Qe3+ 26. Kh1 Bd7 27. Qg6+ Kc7 28. Qg3+ Kb6 29. Qd6+ Ka5 30. Qb4+ Ka6 31. Bxb7# 1-0

[Event "IV Open internazionale - Gruppo B"]
[Site "Assisi ITA"]
[Date "2008.12.20"]
[Round "1"]
[White "SERAVELLI, Paolo"]
[Black "VERDI, Enea"]
[Result "1-0"]
[WhiteElo "1810"]
[BlackElo "1410"]
[PlyCount "80"]
[EventDate "2008.12.20"]
[Source "www.chesslib.no"]
[SourceDate "2004.05.04"]

1. e4 e5 2. Nf3 Nc6 3. Bc4 Nf6 4. Ng5 d5 5. exd5 Nxd5 6. Nxf7 Kxf7 7. Qf3+ Ke8 8. Bxd5 Qd7 9. Nc3 Bd6 10. d3 Nd4 11. Qd1 g6 12. h3 Bb4 13. Be4 Qf7 14. O-O c6 15. Ne2 Bf5 16. Bxf5 Nxe2+ 17. Qxe2 Qxf5 18. c3 Bd6 19. Re1 Kd7 20. Be3 a6 21. Rad1 Rae8 22. Qd2 h5 23. b4 Rhg8 24. Bg5 Be7 25. Bxe7 Rxe7 26. Qe3 Rge8 27. a4 Qf4 28. Qb6 Kc8 29. b5 Qxa4 30. bxa6 Qxa6 31. Qc5 Kc7 32. d4 b6 33. Qb4 Re6 34. Rxe5 Rxe5 35. dxe5 c5 36. Qf4 Qa2 37. e6+ Kc8 38. e7 Qg8 39. Qd6 g5 40. Qc6+ Kb8 1-0

[Event "Monte Estoril POR, Open"]
[Site "?"]
[Date "2003.12.07"]
[Round "2.19"]
[White "Lima Fernando"]
[Black "Balona Ricardo"]
[Result "1-0"]
[WhiteElo "1704"]
[BlackElo "1503"]
[PlyCount "91"]
[EventDate "2003.??.??"]
[Source "www.chesslib.no"]
[SourceDate "2004.05.04"]

1. e4 e5 2. Nf3 Nc6 3. Bc4 Nf6 4. Ng5 d5 5. exd5 Nxd5 6. Nxf7 Kxf7 7. Qf3+ Qf6 8. Bxd5+ Be6 9. Bxe6+ Kxe6 10. Qb3+ Kd7 11. O-O b6 12. Nc3 Bd6 13. Ne4 Qg6 14. d3 Raf8 15. c3 Kc8 16. Be3 Ne7 17. Qa4 Kb7 18. b4 Nf5 19. Bd2 Nh4 20. Bg5 Rf4 21. Nxd6+ cxd6 22. Qd7+ Kb8 23. Bxh4 Rxh4 24. g3 Rh6 25. Rac1 Qh5 26. h4 Qg6 27. Kh2 Rf8 28. Rcd1 Rf7 29. Qh3 Rf3 30. d4 Qc2 31. dxe5 Rxf2+ 32. Kg1 Rxf1+ 33. Qxf1 Qxc3 34. Qf8+ Qc8 35. Qe7 Rg6 36. exd6 Rxg3+ 37. Kf2 Rg6 38. Re1 Rf6+ 39. Kg3 Qc3+ 40. Re3 Rg6+ 41. Kh3 Qc4 42. Qf8+ Kb7 43. Qf3+ Ka6 44. d7 Qc7 45. b5+ Kxb5 46. d8=Q 1-0

[Event "FRA-ch U08 playoff"]
[Site "?"]
[Date "2002.04.14"]
[Round "10.1"]
[White "Netzer Jacques"]
[Black "Moussard Jules"]
[Result "0-1"]
[WhiteElo "1570"]
[BlackElo "1540"]
[PlyCount "80"]
[EventDate "2002.??.??"]
[Source "www.chesslib.no"]
[SourceDate "2004.05.04"]

1. e4 e5 2. Nf3 Nc6 3. Bc4 Nf6 4. Ng5 d5 5. exd5 Nxd5 6. Nxf7 Kxf7 7. Qf3+ Ke6 8. Nc3 Nce7 9. d4 c6 10. dxe5 b5 11. Bb3 a5 12. a4 b4 13. Ne4 Kd7 14. Nc5+ Kc7 15. O-O Qe8 16. Qg3 Qg6 17. Qf3 Qg4 18. Qd3 Ng6 19. f3 Bxc5+ 20. Kh1 Qd7 21. f4 Ba6 22. Bc4 Bxc4 23. Qxc4 Bb6 24. f5 Nxe5 25. Qh4 Nf7 26. f6 gxf6 27. Bf4+ Nxf4 28. Qxf4+ Kb7 29. Qxf6 Nd6 30. Rad1 Bc7 31. c3 bxc3 32. Qxc3 Qg4 33. Rc1 Ra6 34. Qxh8 Qxa4 35. Qxh7 Rb6 36. Rfe1 Rxb2 37. Re7 Nb5 38. Qg6 Qf4 39. Qxc6+ Ka7 40. Ra1 Qxh2# 0-1

[Event "Mörlenbach (02.04.-10.04)"]
[Site "?"]
[Date "2004.04.07"]
[Round "6"]
[White "Fehres Werner"]
[Black "Hopp Dieter"]
[Result "1-0"]
[WhiteElo "1738"]
[BlackElo "1364"]
[PlyCount "87"]
[EventDate "2004.??.??"]
[Source "www.chesslib.no"]
[SourceDate "2004.05.04"]

1. e4 e5 2. Nf3 Nc6 3. Bc4 Nf6 4. Ng5 d5 5. exd5 Nxd5 6. Nxf7 Kxf7 7. Qf3+ Ke6 8. O-O Nd4 9. Qe4 b5 10. Re1 Qd6 11. Bxb5 Nxb5 12. c4 Bb7 13. d4 Nxd4 14. Qxd4 Nb4 15. Qg4+ Kf7 16. Rd1 Qe6 17. Qe2 Bd6 18. Nc3 Rhf8 19. Be3 Kg8 20. a3 Qg6 21. Nd5 Nc2 22. c5 Nxe3 23. Nxe3 Bxc5 24. Qc4+ Kh8 25. Qxc5 Rab8 26. Rd7 Be4 27. Rxc7 a6 28. b4 Rbe8 29. Rd1 Qf6 30. Nc4 Qg6 31. Ne3 Qf6 32. Rd2 h6 33. Qc4 Qg6 34. Rdd7 Rg8 35. Ra7 Rc8 36. Qf1 Rc6 37. f3 Qg5 38. Nd1 Rc1 39. fxe4 Qg4 40. Qe1 Rc6 41. Rd3 Rf8 42. Rg3 Qh4 43. Raxg7 Rcc8 44. Rg8+ 1-0

[Event "Nuremberg Zabo op 3rd"]
[Site "?"]
[Date "2001.09.??"]
[Round "2"]
[White "Holland Arthur"]
[Black "Beuschel Uwe"]
[Result "1-0"]
[WhiteElo "1695"]
[BlackElo "1375"]
[PlyCount "37"]
[EventDate "2001.??.??"]
[Source "www.chesslib.no"]
[SourceDate "2004.05.04"]

1. e4 e5 2. Nf3 Nc6 3. Bc4 Nf6 4. Ng5 d5 5. exd5 Nxd5 6. Nxf7 Kxf7 7. Qf3+ Ke6 8. Nc3 Nce7 9. d4 c6 10. Bg5 Kd7 11. O-O-O Qa5 12. dxe5 Ke8 13. Ne4 Ng6 14. Nd6+ Kd7 15. Qf7+ Be7 16. Rxd5 cxd5 17. Bb5+ Qxb5 18. Nxb5 Rf8 19. Qxd5+ 1-0

[Event "Corr"]
[Site "?"]
[Date "2004.02.05"]
[Round "?"]
[White "Haet Olivier"]
[Black "Moore Jeff A"]
[Result "0-1"]
[WhiteElo "1466"]
[BlackElo "1600"]
[PlyCount "56"]
[EventDate "2004.??.??"]
[Source "www.chesslib.no"]
[SourceDate "2004.05.04"]

1. e4 e5 2. Nf3 Nc6 3. Bc4 Nf6 4. Ng5 d5 5. exd5 Nxd5 6. Nxf7 Kxf7 7. Qf3+ Ke8 8. Qxd5 Qxd5 9. Bxd5 Nd4 10. Be4 Be7 11. c3 Nc6 12. d3 Be6 13. Nd2 g5 14. Bxc6+ bxc6 15. Nf3 Bf6 16. Bxg5 Bxg5 17. Nxg5 Bd5 18. O-O Rg8 19. c4 Bxg2 20. Kxg2 Rxg5+ 21. Kh1 Kd7 22. c5 Ke6 23. Rfe1 Kd5 24. Re4 Rf8 25. Rd1 Rxf2 26. Rb4 Rgg2 27. Rb7 Rxh2+ 28. Kg1 Rxb2 0-1

[Event "FRA-chT 0102 U18"]
[Site "?"]
[Date "2001.11.??"]
[Round "3.7"]
[White "Delivre Raphael"]
[Black "Belli Florian"]
[Result "1-0"]
[WhiteElo "1710"]
[BlackElo "1350"]
[PlyCount "21"]
[EventDate "2001.??.??"]
[Source "www.chesslib.no"]
[SourceDate "2004.05.04"]

1. e4 e5 2. Nf3 Nc6 3. Bc4 Nf6 4. Ng5 d5 5. exd5 Nxd5 6. Nxf7 Kxf7 7. Qf3+ Ke8 8. Bxd5 Be7 9. Bf7+ Kd7 10. Qd5+ Bd6 11. Qe6# 1-0

[Event "Reunion (7eme open)"]
[Site "?"]
[Date "2004.10.15"]
[Round "8.17"]
[White "Dijoux Julien"]
[Black "Blard Gregory"]
[Result "1-0"]
[WhiteElo "1680"]
[BlackElo "1360"]
[PlyCount "35"]
[EventDate "2004.??.??"]
[Source "www.chesslib.no"]
[SourceDate "2004.05.04"]

1. e4 e5 2. Nf3 Nc6 3. Bc4 Nf6 4. Ng5 d5 5. exd5 Nxd5 6. Nxf7 Kxf7 7. Qf3+ Ke6 8. Nc3 Ncb4 9. Nxd5 Nxd5 10. d4 Qd6 11. O-O Kd7 12. dxe5 Qxe5 13. Qxd5+ Bd6 14. Qxe5 Bxe5 15. Rd1+ Bd6 16. Bf4 h6 17. Rd3 Re8 18. Bb5+ 1-0

[Event "Corr"]
[Site "?"]
[Date "2004.07.21"]
[Round "?"]
[White "Alme Hank"]
[Black "Cashon John J"]
[Result "0-1"]
[WhiteElo "1261"]
[BlackElo "1766"]
[PlyCount "44"]
[EventDate "2004.??.??"]
[Source "www.chesslib.no"]
[SourceDate "2004.05.04"]

1. e4 e5 2. Nf3 Nc6 3. Bc4 Nf6 4. Ng5 d5 5. exd5 Nxd5 6. Nxf7 Kxf7 7. Qf3+ Ke6 8. Nc3 Ncb4 9. Qe4 c6 10. a3 Na6 11. d4 Nac7 12. Bf4 Kf7 13. Bxe5 Be6 14. O-O-O Qg5+ 15. Kb1 Nxc3+ 16. bxc3 Bxc4 17. Bxc7 Qb5+ 18. Kc1 Bxa3+ 19. Kd2 Qg5+ 20. Bf4 Rhe8 21. Qxe8+ Rxe8 22. Bxg5 Re2# 0-1

[Event "Sotra"]
[Site "?"]
[Date "2002.10.31"]
[Round "7"]
[White "Brattetveit Kenneth"]
[Black "Skare Nils K"]
[Result "1-0"]
[WhiteElo "1668"]
[BlackElo "1351"]
[PlyCount "61"]
[EventDate "2002.??.??"]
[Source "www.chesslib.no"]
[SourceDate "2004.05.04"]

1. e4 e5 2. Nf3 Nc6 3. Bc4 Nf6 4. Ng5 d5 5. exd5 Nxd5 6. Nxf7 Kxf7 7. Qf3+ Ke6 8. Nc3 Nce7 9. d4 c6 10. Qe4 Ng6 11. f4 Kd6 12. fxe5+ Kc7 13. Bxd5 cxd5 14. Nxd5+ Kb8 15. O-O Be6 16. Nc3 Bb4 17. Ne2 Re8 18. Be3 Bd5 19. Qg4 Qb6 20. Nf4 Nxf4 21. Rxf4 Qc6 22. c3 Re6 23. Rf5 Be7 24. Bg5 Rg6 25. Raf1 h6 26. Rf8+ Bxf8 27. Rxf8+ Kc7 28. Rxa8 Rxg5 29. Rc8+ Kb6 30. Rxc6+ bxc6 31. Qe2 1-0

[Event "Auburn Hills, MI"]
[Site "?"]
[Date "2002.04.28"]
[Round "4.3"]
[White "Moroney Timothy"]
[Black "Dillabough Troy"]
[Result "1-0"]
[WhiteElo "1560"]
[BlackElo "1444"]
[PlyCount "43"]
[EventDate "2002.??.??"]
[Source "www.chesslib.no"]
[SourceDate "2004.05.04"]

1. e4 e5 2. Nf3 Nc6 3. Bc4 Nf6 4. Ng5 d5 5. exd5 Nxd5 6. Nxf7 Kxf7 7. Qf3+ Qf6 8. Bxd5+ Be6 9. Bxc6 bxc6 10. Qxc6 Bd6 11. Nc3 Qg6 12. Qf3+ Ke7 13. d3 Rhf8 14. Qg3 Qf7 15. Be3 Rfb8 16. Rb1 Bxa2 17. Nxa2 Qxa2 18. Qxg7+ Ke6 19. O-O Rg8 20. Qxh7 Qd5 21. Qe4 Qa5 22. Qc4+ 1-0

[Event "Saint-Chely d'Aubrac (4eme open)"]
[Site "?"]
[Date "2004.07.22"]
[Round "7.37"]
[White "Bou Georges"]
[Black "Ruetsch Johan"]
[Result "1-0"]
[WhiteElo "1570"]
[BlackElo "1430"]
[PlyCount "55"]
[EventDate "2004.??.??"]
[Source "www.chesslib.no"]
[SourceDate "2004.05.04"]

1. e4 e5 2. Nf3 Nc6 3. Bc4 Nf6 4. Ng5 d5 5. exd5 Nxd5 6. Nxf7 Kxf7 7. Qf3+ Ke8 8. Bxd5 Be7 9. Qf7+ Kd7 10. Qe6+ Ke8 11. Bxc6+ bxc6 12. Qxe5 Kf8 13. d3 Bf6 14. Qc5+ Kf7 15. O-O Be7 16. Qxc6 Bd7 17. Qf3+ Kg8 18. Nc3 Bd6 19. Bf4 Bxf4 20. Qxf4 g6 21. Nd5 Kg7 22. Rfe1 Re8 23. Rxe8 Qxe8 24. Nxc7 Qb8 25. Qd4+ Kg8 26. Nxa8 Qxa8 27. Qxd7 Qf8 28. Re1 1-0

[Event "Corr"]
[Site "?"]
[Date "2001.05.28"]
[Round "?"]
[White "Dessirieix Lionel"]
[Black "Vlaar Nick"]
[Result "1-0"]
[WhiteElo "1508"]
[BlackElo "1480"]
[PlyCount "23"]
[EventDate "2001.??.??"]
[Source "www.chesslib.no"]
[SourceDate "2004.05.04"]

1. e4 e5 2. Nf3 Nc6 3. Bc4 Nf6 4. Ng5 d5 5. exd5 Nxd5 6. Nxf7 Kxf7 7. Qf3+ Ke6 8. Nc3 Nce7 9. d4 Kd7 10. Nxd5 exd4 11. Bf4 Nxd5 12. Qxd5+ 1-0

[Event "Corr"]
[Site "?"]
[Date "1999.??.??"]
[Round "?"]
[White "Geib Steven"]
[Black "Stanley Douglas L"]
[Result "0-1"]
[WhiteElo "1420"]
[BlackElo "1553"]
[PlyCount "54"]
[EventDate "1999.??.??"]
[Source "www.chesslib.no"]
[SourceDate "2004.05.04"]

1. e4 e5 2. Nf3 Nc6 3. Bc4 Nf6 4. Ng5 d5 5. exd5 Nxd5 6. Nxf7 Kxf7 7. Qf3+ Ke6 8. Nc3 Ncb4 9. Bxd5+ Nxd5 10. Nb5 c6 11. Nc3 Nxc3 12. Qxc3 Qd4 13. Qb3+ Qd5 14. O-O Bc5 15. c4 Qe4 16. d3 Qe2 17. Be3 Bxe3 18. Rae1 Bxf2+ 19. Rxf2 Qxe1+ 20. Rf1 Qe3+ 21. Kh1 Rf8 22. c5+ Ke7 23. Qd1 Bg4 24. Qe1 Rxf1+ 25. Qxf1 e4 26. dxe4 Rd8 27. b4 Rd1 0-1

[Event "Bad Griesbach (24.11.-30.11)"]
[Site "?"]
[Date "2002.11.25"]
[Round "2"]
[White "Klimpel Siegfried"]
[Black "Knabl Josef"]
[Result "1-0"]
[WhiteElo "1618"]
[BlackElo "1346"]
[PlyCount "49"]
[EventDate "2002.??.??"]
[Source "www.chesslib.no"]
[SourceDate "2004.05.04"]

1. e4 e5 2. Nf3 Nc6 3. Bc4 Nf6 4. Ng5 d5 5. exd5 Nxd5 6. Nxf7 Kxf7 7. Qf3+ Ke6 8. Nc3 Ncb4 9. Qe4 c6 10. a3 Na6 11. d4 Nac7 12. Be3 Kf7 13. Qxe5 Bd6 14. Qh5+ g6 15. Qf3+ Qf6 16. Nxd5 Qxf3 17. Nxc7+ Kf6 18. gxf3 Bxc7 19. f4 Bf5 20. O-O-O Rad8 21. d5 Be4 22. Rhe1 Rxd5 23. Bxd5 Bxd5 24. Rxd5 cxd5 25. Bd4+ 1-0

[Event "2ï ÏPEN A.S.O.P DIAS"]
[Site "Petroupoli"]
[Date "2007.05.16"]
[Round "2"]
[White "Plevris, Konstantinos"]
[Black "Xiropoulou, Alexandra"]
[Result "1-0"]
[WhiteElo "1955"]
[BlackElo "1005"]
[PlyCount "33"]
[EventDate "2007.??.??"]
[Source "www.chesslib.no"]
[SourceDate "2004.05.04"]

1. e4 e5 2. Nf3 Nc6 3. Bc4 Nf6 4. Ng5 d5 5. exd5 Nxd5 6. Nxf7 Kxf7 7. Qf3+ Qf6 8. Bxd5+ Be6 9. Bxc6 bxc6 10. Qxc6 Bd6 11. Nc3 Qf5 12. d3 Rhf8 13. Be3 Bb4 14. O-O Kg8 15. Ne4 Qg6 16. Ng5 Rf6 17. Qxa8+ 1-0

[Event "Koblenz"]
[Site "?"]
[Date "2001.10.09"]
[Round "3"]
[White "Graw Rolf"]
[Black "Schmidt Lutz"]
[Result "1-0"]
[WhiteElo "1590"]
[BlackElo "1316"]
[PlyCount "97"]
[EventDate "2001.??.??"]
[Source "www.chesslib.no"]
[SourceDate "2004.05.04"]

1. e4 e5 2. Nf3 Nc6 3. Bc4 Nf6 4. Ng5 d5 5. exd5 Nxd5 6. Nxf7 Kxf7 7. Qf3+ Ke6 8. Nc3 Nce7 9. O-O g6 10. d4 Bg7 11. Re1 c6 12. Bf4 Rf8 13. Qe4 Rxf4 14. Qxf4 Kd7 15. Qf7 Qf8 16. Qxf8 Bxf8 17. Nxd5 cxd5 18. Bb5+ Ke6 19. dxe5 a6 20. Ba4 b5 21. Bb3 Bg7 22. f4 Bb7 23. Rad1 Rc8 24. Rd3 a5 25. c3 a4 26. Bd1 Rc4 27. g3 Rc8 28. Bf3 Rc7 29. Red1 h5 30. Bg2 Rc5 31. Bf1 Bf8 32. Re3 Bh6 33. Red3 Bf8 34. Rd4 Nc6 35. Bh3+ Kf7 36. Rxd5 Nxe5 37. Rxe5 Rxe5 38. fxe5 Bc5+ 39. Kf1 Bc6 40. Rd8 Be7 41. Rc8 Bd5 42. a3 Be6 43. Bxe6+ Kxe6 44. Rb8 Kxe5 45. Rxb5+ Kd6 46. Ra5 Kc6 47. Rxa4 Kb5 48. Rd4 Bg5 49. Rd5+ 1-0

[Event "It (Open) Elancourt FRA"]
[Site "?"]
[Date "2006.04.17"]
[Round "2"]
[White "Benhamouda Fabrice"]
[Black "Crusco Francois"]
[Result "1-0"]
[WhiteElo "1610"]
[BlackElo "1270"]
[PlyCount "35"]
[EventDate "2006.??.??"]
[Source "www.chesslib.no"]
[SourceDate "2004.05.04"]

1. e4 e5 2. Nf3 Nc6 3. Bc4 Nf6 4. Ng5 d5 5. exd5 Nxd5 6. Nxf7 Kxf7 7. d4 Bb4+ 8. c3 Ba5 9. dxe5 Be6 10. Qf3+ Ke8 11. O-O Nxe5 12. Qh5+ g6 13. Qxe5 Kd7 14. Bxd5 Re8 15. Bg5 Re7 16. Bxe6+ Rxe6 17. Rd1+ Kc8 18. Rxd8# 1-0

[Event "Corr"]
[Site "?"]
[Date "1999.04.20"]
[Round "?"]
[White "Pereira Paulo JM"]
[Black "Gould Michael"]
[Result "0-1"]
[WhiteElo "1360"]
[BlackElo "1468"]
[PlyCount "54"]
[EventDate "1999.??.??"]
[Source "www.chesslib.no"]
[SourceDate "2004.05.04"]

1. e4 e5 2. Nf3 Nc6 3. Bc4 Nf6 4. Ng5 d5 5. exd5 Nxd5 6. Nxf7 Kxf7 7. Qf3+ Ke6 8. Nc3 Ncb4 9. Bb3 c6 10. a3 Na6 11. d4 exd4 12. Qe4+ Kd7 13. Nxd5 cxd5 14. Qxd5+ Kc7 15. Bf4+ Bd6 16. Qf7+ Qd7 17. Qc4+ Kb8 18. Bxd6+ Qxd6 19. O-O-O Rd8 20. c3 Qh6+ 21. Kb1 d3 22. Qb5 d2 23. g3 Nc7 24. Qe5 Bg4 25. Rdf1 Re8 26. Qd4 Be2 27. Ba4 b5 0-1

[Event "Corr"]
[Site "?"]
[Date "2002.11.25"]
[Round "?"]
[White "Haet Olivier"]
[Black "Azzola Orazio"]
[Result "1-0"]
[WhiteElo "1464"]
[BlackElo "1364"]
[PlyCount "23"]
[EventDate "2002.??.??"]
[Source "www.chesslib.no"]
[SourceDate "2004.05.04"]

1. e4 e5 2. Nf3 Nc6 3. Bc4 Nf6 4. Ng5 d5 5. exd5 Nxd5 6. Nxf7 Kxf7 7. Qf3+ Ke8 8. Bxd5 Qd6 9. Nc3 a6 10. d3 Nd4 11. Qf7+ Kd8 12. Bg5+ 1-0

[Event "Torneo de Reyes-3"]
[Site "Los Llanos de Aridane"]
[Date "2001.01.02"]
[Round "1"]
[White "Castro, Andres"]
[Black "Lorenzo, Jorge"]
[Result "1-0"]
[WhiteElo "1542"]
[BlackElo "1240"]
[PlyCount "47"]
[EventDate "2001.01.02"]
[Source "www.chesslib.no"]
[SourceDate "2004.05.04"]

1. e4 e5 2. Nf3 Nc6 3. Bc4 Nf6 4. Ng5 d5 5. exd5 Nxd5 6. Nxf7 Qf6 7. Bxd5 Rg8 8. Nd6+ Qxd6 9. Bxg8 e4 10. Qh5+ Kd8 11. O-O Nd4 12. Bb3 h6 13. Nc3 Be7 14. Nxe4 Qc6 15. Nc3 Bg5 16. Re1 Bf5 17. Ba4 b5 18. Nxb5 Nxb5 19. c4 a6 20. cxb5 axb5 21. Bb3 g6 22. Qe2 h5 23. Bd5 Qd7 24. Bxa8 1-0

[Event "Kassel"]
[Site "?"]
[Date "2003.10.20"]
[Round "2.7"]
[White "Duenzel Jonas"]
[Black "Wetzel Carmen"]
[Result "0-1"]
[WhiteElo "1329"]
[BlackElo "1409"]
[PlyCount "67"]
[EventDate "2003.??.??"]
[Source "www.chesslib.no"]
[SourceDate "2004.05.04"]

1. e4 e5 2. Nf3 Nc6 3. Bc4 Nf6 4. Ng5 d5 5. exd5 Nxd5 6. Nxf7 Kxf7 7. Qf3+ Ke8 8. Bxd5 Qf6 9. Bxc6+ bxc6 10. Qxc6+ Qxc6 11. O-O Bb7 12. f3 Bc5+ 13. Kh1 Rf8 14. Nc3 Kd7 15. d3 Rae8 16. Ne4 Bb6 17. c4 Qg6 18. Rd1 Bxe4 19. dxe4+ Kc8 20. b4 Rd8 21. Ba3 Rxd1+ 22. Rxd1 Bd4 23. b5 Rf6 24. c5 c6 25. bxc6 Rxc6 26. Rc1 Qh5 27. Bb4 Bxc5 28. Rxc5 Rxc5 29. Bxc5 Kb7 30. Bf2 Qf7 31. a3 Qa2 32. Bg1 h5 33. h4 Qxa3 34. Kh2 0-1

[Event "Corr"]
[Site "?"]
[Date "2001.10.01"]
[Round "?"]
[White "Bengtsson Ulf"]
[Black "Damasio Fabio"]
[Result "1-0"]
[WhiteElo "1987"]
[BlackElo "749"]
[PlyCount "25"]
[EventDate "2001.??.??"]
[Source "www.chesslib.no"]
[SourceDate "2004.05.04"]

1. e4 e5 2. Nf3 Nc6 3. Bc4 Nf6 4. Ng5 d5 5. exd5 Nxd5 6. Nxf7 Kxf7 7. Qf3+ Ke6 8. Nc3 Ncb4 9. Qe4 Kd6 10. Bxd5 c5 11. Nb5+ Kd7 12. Qf5+ Ke8 13. Qf7# 1-0

[Event "Warren, MI"]
[Site "?"]
[Date "2002.11.17"]
[Round "2.2"]
[White "Tabak Alla"]
[Black "Coleman Keyanna"]
[Result "1-0"]
[WhiteElo "1950"]
[BlackElo "778"]
[PlyCount "81"]
[EventDate "2002.??.??"]
[Source "www.chesslib.no"]
[SourceDate "2004.05.04"]

1. e4 e5 2. Nf3 Nc6 3. Bc4 Nf6 4. Ng5 d5 5. exd5 Nxd5 6. Nxf7 Kxf7 7. Qf3+ Ke8 8. Bxd5 Qe7 9. Bxc6+ Kd8 10. Qd5+ Bd7 11. Bxb7 Rb8 12. Bc6 Rb6 13. Bxd7 Qxd7 14. Qxd7+ Kxd7 15. O-O h5 16. Nc3 Bc5 17. Na4 Rc6 18. Nxc5+ Rxc5 19. c3 Rc6 20. b4 g5 21. b5 Rch6 22. a4 g4 23. d4 exd4 24. Bxh6 Rxh6 25. cxd4 h4 26. Rac1 h3 27. Rc4 Rg6 28. Rfc1 Re6 29. Rxc7+ Ke8 30. Rxa7 Kf8 31. d5 Re5 32. d6 g3 33. hxg3 h2+ 34. Kxh2 Rh5+ 35. Kg1 Re5 36. Rc8+ Re8 37. d7 Kg7 38. dxe8=Q+ Kf6 39. Rf7+ Kg6 40. Qg8+ Kh6 41. Rh7# 1-0

[Event "GER-ch U10"]
[Site "?"]
[Date "2002.05.24"]
[Round "10"]
[White "Pfefferkorn Adrian"]
[Black "Bussmann Juergen"]
[Result "1/2-1/2"]
[WhiteElo "1267"]
[BlackElo "1383"]
[PlyCount "84"]
[EventDate "2002.??.??"]
[Source "www.chesslib.no"]
[SourceDate "2004.05.04"]

1. e4 e5 2. Nf3 Nc6 3. Bc4 Nf6 4. Ng5 d5 5. exd5 Nxd5 6. Nxf7 Kxf7 7. Qf3+ Qf6 8. Bxd5+ Be6 9. Bxe6+ Kxe6 10. Qxf6+ Kxf6 11. O-O Bd6 12. d3 Rhf8 13. Nc3 Kf7 14. f4 exf4 15. Bxf4 Bxf4 16. Rxf4+ Kg8 17. Raf1 h6 18. Nd5 Rac8 19. b4 Rxf4 20. Rxf4 Kh7 21. b5 Ne5 22. h4 c6 23. bxc6 bxc6 24. Ne3 Ng6 25. Rf7 Nxh4 26. Rxa7 Re8 27. g3 Rxe3 28. gxh4 Re1+ 29. Kf2 Rc1 30. a4 Rxc2+ 31. Ke3 Rh2 32. a5 Rxh4 33. a6 Ra4 34. d4 h5 35. Kf2 Rxd4 36. Rc7 Rd2+ 37. Kg3 Ra2 38. a7 c5 39. Kh4 Kh6 40. Rxc5 Rxa7 41. Rxh5+ Kg6 42. Rg5+ Kf7 1/2-1/2

[Event "Corr"]
[Site "?"]
[Date "2001.11.02"]
[Round "?"]
[White "Marks David W"]
[Black "Mori Roberto"]
[Result "1-0"]
[WhiteElo "1337"]
[BlackElo "1302"]
[PlyCount "25"]
[EventDate "2001.??.??"]
[Source "www.chesslib.no"]
[SourceDate "2004.05.04"]

1. e4 e5 2. Nf3 Nc6 3. Bc4 Nf6 4. Ng5 d5 5. exd5 Nxd5 6. Nxf7 Kxf7 7. Qf3+ Ke6 8. Nc3 Ncb4 9. a3 Nxc2+ 10. Kd1 Nxa1 11. Nxd5 Kd6 12. d4 Be6 13. Qe4 1-0

[Event "Olimpiada Juvenil"]
[Site "Atlacomulco"]
[Date "2001.??.??"]
[Round "2"]
[White "Montero Gonzalez, Karla"]
[Black "Barrios Barbosa, Miriam"]
[Result "1-0"]
[WhiteElo "1353"]
[BlackElo "1250"]
[PlyCount "59"]
[EventDate "2001.05.29"]
[Source "www.chesslib.no"]
[SourceDate "2004.05.04"]

1. e4 e5 2. Nf3 Nc6 3. Bc4 Nf6 4. Ng5 d5 5. exd5 Nxd5 6. Nxf7 Kxf7 7. Qf3+ Ke8 8. Bxd5 Qd7 9. a3 Bc5 10. Bxc6 Qxc6 11. Qxc6+ bxc6 12. O-O Rf8 13. d3 Ba6 14. Nd2 Rd8 15. Ne4 Bb6 16. Re1 Rd5 17. Be3 h6 18. c4 Rxd3 19. c5 Ba5 20. b4 Bxb4 21. axb4 Rb3 22. Rxa6 Rxb4 23. Rxa7 Rc4 24. Rxc7 Rf7 25. Rxc6 Ra7 26. Rd1 Ra2 27. Rb6 Rca4 28. h3 Rc4 29. Re6+ Kf7 30. Rxe5 1-0

[Event "Sebnitz"]
[Site "?"]
[Date "2002.04.03"]
[Round "1"]
[White "Nguyen Hoa My"]
[Black "Walther Tina"]
[Result "1-0"]
[WhiteElo "1496"]
[BlackElo "1097"]
[PlyCount "111"]
[EventDate "2002.??.??"]
[Source "www.chesslib.no"]
[SourceDate "2004.05.04"]

1. e4 e5 2. Nf3 Nc6 3. Bc4 Nf6 4. Ng5 d5 5. exd5 Nxd5 6. Nxf7 Kxf7 7. Qf3+ Ke6 8. Nc3 Nce7 9. O-O c6 10. Re1 b5 11. Bb3 Bb7 12. d4 g6 13. Rxe5+ Kd6 14. Qg3 Kd7 15. Bg5 Bg7 16. Qg4+ Ke8 17. Re6 Bc8 18. Nxd5 Bxe6 19. Qxe6 cxd5 20. Bxd5 h6 21. Bd2 Qxd5 22. Qe2 Bxd4 23. Rd1 Qf5 24. Bb4 Bc5 25. Qxb5+ Kf7 26. Bxc5 Rab8 27. Qc4+ Ke8 28. Re1 Rh7 29. Qg8+ Kd7 30. Qxb8 Qxc5 31. Qb7+ Qc7 32. Rd1+ Nd5 33. Rxd5+ Ke6 34. Qxc7 Rxc7 35. Rd2 Ke7 36. Kf1 g5 37. Ke2 Kf7 38. c3 Re7+ 39. Kd1 h5 40. Re2 Rd7+ 41. Rd2 Re7 42. Rd6 h4 43. b4 Re6 44. Rxe6 Kxe6 45. Ke2 Kd5 46. Kd3 a6 47. a4 Kc6 48. b5+ axb5 49. axb5+ Kxb5 50. Ke4 Kc4 51. Kf5 Kxc3 52. Kxg5 Kd3 53. Kxh4 Ke2 54. Kg3 Kf1 55. f4 Kg1 56. f5 1-0

[Event "Corr"]
[Site "?"]
[Date "2004.07.13"]
[Round "?"]
[White "Alme Hank"]
[Black "Beatty Vincent"]
[Result "0-1"]
[WhiteElo "1277"]
[BlackElo "1300"]
[PlyCount "28"]
[EventDate "2004.??.??"]
[Source "www.chesslib.no"]
[SourceDate "2004.05.04"]

1. e4 e5 2. Nf3 Nc6 3. Bc4 Nf6 4. Ng5 d5 5. exd5 Nxd5 6. Nxf7 Kxf7 7. Qf3+ Ke6 8. Nc3 Nce7 9. d4 exd4 10. Qe4+ Kf7 11. Nxd5 Be6 12. Nxe7 Bxc4 13. Nf5 Bb4+ 14. c3 Re8 0-1